| 000 | 00556nam a2200181Ia 4500 | ||
|---|---|---|---|
| 008 | 100920s9999 xx 000 0 und d | ||
| 082 |
_b60912 _a891.464 थ 92 |
||
| 100 | _aकुलकर्णी अरुण. | ||
| 245 | _aआठव. | ||
| 260 |
_bसाहित्य सेवा प्रकाशन, औरंगपुरा, औरंगाबाद. _c1992 |
||
| 300 |
_a119 _bसाधी |
||
| 365 | _b50 | ||
| 520 | _aनिबंध. | ||
| 630 | _aआठव. | ||
| 650 | _aनिबंध. | ||
| 730 | _aआठव. | ||
| 942 | _cBOOK | ||
| 999 |
_c704152 _d704149 |
||